Catálogo
 En Linea

La industria agrícola / (Registro nro. 33051)

Detalles MARC
000 -CABECERA
campo de control de longitud fija 00557nam a2200157 a 4500
001 - NÚMERO DE CONTROL
campo de control 000033560
005 - FECHA Y HORA DE LA ÚLTIMA TRANSACCIÓN
campo de control 20210517141723.0
008 - DATOS DE LONGITUD FIJA--INFORMACIÓN GENERAL
campo de control de longitud fija 110831s1882 dr 000 0 spa d
040 ## - FUENTE DE LA CATALOGACIÓN
Centro catalogador/agencia de origen DO-SdBNP
Lengua de catalogación spa
Centro/agencia transcriptor BNPHU
082 ## - NÚMERO DE LA CLASIFICACIÓN DECIMAL DEWEY
Número de clasificación xxx
Número de documento/Ítem P438i
100 1# - ENTRADA PRINCIPAL--NOMBRE DE PERSONA
Nombre de persona Pérez, José Joaquín
Fechas asociadas al nombre 1845-1900
9 (RLIN) 25442
245 13 - MENCIÓN DE TÍTULO
Título La industria agrícola /
Mención de responsabilidad, etc. José Joaquín Pérez.
260 ## - PUBLICACIÓN, DISTRIBUCIÓN, ETC.
Lugar de publicación, distribución, etc. Santo Domingo :
Nombre del editor, distribuidor, etc. El pueblo,
Fecha de publicación, distribución, etc. 1882.
300 ## - DESCRIPCIÓN FÍSICA
Extensión 15 p. ;
Dimensiones 21 cm.
500 ## - NOTA GENERAL
Nota general Leida en la conferencia literaria celebrada por la Sociedad Amigos del País en la noche del 18 de mayo de 1882.
Existencias
Estado de retiro Estado de pérdida Restricciones de uso No para préstamo Código de colección Localización permanente Ubicación/localización actual Ubicación en estantería Fecha de adquisición Número de inventario Total de préstamos Signatura topográfica completa Código de barras Fecha visto por última vez Precio válido a partir de Tipo de ítem Koha Nota pública
      Excluido de préstamo Raros y valiosos Patrimonio Dominicano Patrimonio Dominicano En catalogación 31.08.2011 LF1   xxx P438i 33560-10 25.06.2020 25.06.2020 No se presta Perteneció a la biblioteca personal de Federico Henríquez y Carvajal

Con tecnología Koha